000 00629nam a2200181Ia 4500
008 090630s9999 xx 000 0 und d
082 _b22099
100 _aकप्तान संजय.
245 _aजादूगाराचं जाळं.
_cकप्तान संजय.
260 _bग्रंथाली - मुंबई.
_c2000
300 _a61
600 _aकप्तान संजय.
630 _aजादूगाराचं जाळं.
655 _aइतर.
700 _aकप्तान संजय.
730 _aजादूगाराचं जाळं.
942 _cBOOK
999 _c273955
_d273955